000 00585nam a2200157 a 4500
008 120416s1984 ||||||||||||||||| || u
050 _aHD 62.7 Sma
100 _aKamya, Andrew
245 1 0 _aSmall scale industries on the Copperbelt Entrepreneurial seminar
246 _aAndrew Kamya [and others]
260 _aKitwe
_bMindolo Ecumenical Foundation
_c1984
300 _a150p.
350 _a0.00
650 _aSMALL SCALE INDUSTIES--COPPERBELT
995 _D0.00
_FCBU-MAIN LIBRARY (Kitwe)
_H1
_I0.00
_M1
_UAVAILABLE
_ZZambiana Collection
999 _c57609
_d57609